[Event "39th Olympiad Men"]
[Site "Khanty-Mansiysk RUS"]
[Date "2010.09.23"]
[Round "3"]
[White "Arakhamia-Grant, Ketevan"]
[Black "Laylo, Darwin"]
[Result "1-0"]
[WhiteElo "2451"]
[BlackElo "2522"]
[PlyCount "73"]
[EventDate "2010.09.21"]
[WhiteTeam "SCO"]
[BlackTeam "PHI"]

1. e4 c5 2. Nf3 e6 3. d4 cxd4 4. Nxd4 a6 5. Bd3 Bc5 6. Nb3 Be7 7. O-O d6 8. c4
Nf6 9. Nc3 Nbd7 10. Be3 b6 11. f4 Bb7 12. Qf3 O-O 13. Rad1 Qc7 14. Qh3 Rfe8 15.
g4 g6 16. g5 Nh5 17. Be2 Ng7 18. Nd4 Nc5 19. Bf3 e5 20. Nf5 gxf5 21. exf5 Bxf3
22. Rxf3 e4 23. Rg3 Qc8 24. f6 Qxh3 25. Rxh3 Nf5 26. fxe7 Nd3 27. Nxe4 Nxb2 28.
Nf6+ Kg7 29. Nxe8+ Rxe8 30. Bd4+ Nxd4 31. Rxd4 Rxe7 32. Rxd6 Nxc4 33. Rdh6 Re4
34. Rxh7+ Kg6 35. R3h6+ Kf5 36. Rxf7+ Kg4 37. Kf2 1-0

[Event "39th Olympiad Men"]
[Site "Khanty-Mansiysk RUS"]
[Date "2010.09.23"]
[Round "3"]
[White "Torre, Eugenio"]
[Black "Burns-Mannion, Stephen R"]
[Result "1-0"]
[WhiteElo "2489"]
[BlackElo "2372"]
[PlyCount "147"]
[EventDate "2010.09.21"]
[WhiteTeam "PHI"]
[BlackTeam "SCO"]

1. e4 e5 2. Nf3 Nc6 3. Bc4 Bc5 4. O-O d6 5. c3 Nf6 6. d4 Bb6 7. dxe5 Nxe5 8.
Nxe5 dxe5 9. Qxd8+ Kxd8 10. Nd2 Ke7 11. h3 Rd8 12. Re1 Be6 13. Bxe6 Kxe6 14.
Nc4 Bc5 15. a4 Rd3 16. Bg5 h6 17. Bxf6 Kxf6 18. Red1 Rad8 19. Rxd3 Rxd3 20. Kf1
Ke6 21. Ke2 Rd8 22. b4 Be7 23. Na5 Rb8 24. Rd1 c5 25. b5 Bd6 26. Nc4 Bc7 27. a5
b6 28. axb6 axb6 29. Ra1 g6 30. Ra7 Bd8 31. Kd3 h5 32. g4 hxg4 33. hxg4 Bh4 34.
f3 f5 35. gxf5+ gxf5 36. Ra6 Bd8 37. Ne3 f4 38. Nd5 Rb7 39. Kc4 Kd6 40. Ra8 Kd7
41. Ra1 Ke6 42. Rh1 Rb8 43. Rh7 Bg5 44. Rh5 Bd8 45. Rh8 Kd7 46. Nf6+ Ke6 47.
Ng4 Bc7 48. Rh6+ Kd7 49. Rh7+ Kd6 50. Nxe5 Kxe5 51. Rxc7 Rg8 52. Rf7 Ra8 53.
Rf5+ Ke6 54. Rxf4 Ra4+ 55. Kb3 Ra5 56. c4 Ra1 57. Rh4 Ke5 58. Rh5+ Kd4 59. Rd5+
Ke3 60. Rd6 Rf1 61. Rxb6 Rxf3 62. Rd6 Kxe4+ 63. Ka4 Rc3 64. b6 Rxc4+ 65. Kb5
Rc1 66. Rd2 Ke5 67. Kc6 c4 68. b7 Rb1 69. Rd5+ Ke4 70. Rb5 Rxb5 71. Kxb5 c3 72.
b8=Q c2 73. Qe8+ Kd3 74. Qe1 1-0

[Event "39th Olympiad Men"]
[Site "Khanty-Mansiysk RUS"]
[Date "2010.09.23"]
[Round "3"]
[White "Morrison, Graham"]
[Black "Bitoon, Richard"]
[Result "1/2-1/2"]
[WhiteElo "2345"]
[BlackElo "2447"]
[PlyCount "93"]
[EventDate "2010.09.21"]
[WhiteTeam "SCO"]
[BlackTeam "PHI"]

1. Nf3 Nf6 2. c4 b6 3. g3 Bb7 4. Bg2 e6 5. O-O d5 6. cxd5 Nxd5 7. d4 Be7 8. Re1
Nf6 9. Nc3 O-O 10. e4 Nbd7 11. a3 Re8 12. e5 Nd5 13. Ne4 c5 14. Bg5 h6 15. Bxe7
Rxe7 16. Rc1 cxd4 17. Qxd4 a5 18. Rc2 Nc7 19. Nd6 Bd5 20. Nd2 Nc5 21. b4 axb4
22. axb4 Ra4 23. Bxd5 Nxd5 24. Rc4 Rxb4 25. Rxb4 Nxb4 26. Qxb4 Nd3 27. Qe4 Nxe1
28. Qxe1 Ra7 29. Qe4 Qa8 30. Qxa8+ Rxa8 31. Kf1 Kf8 32. Ke2 Ra2 33. Kd3 g5 34.
N2e4 Ra5 35. Nf6 Kg7 36. f4 gxf4 37. gxf4 Ra3+ 38. Ke4 Rh3 39. Nd7 Rxh2 40.
Nxb6 Rh3 41. f5 exf5+ 42. Kxf5 Rf3+ 43. Kg4 Rf1 44. Nd7 Rg1+ 45. Kh4 Rh1+ 46.
Kg4 Rg1+ 47. Kh4 1/2-1/2

[Event "39th Olympiad Men"]
[Site "Khanty-Mansiysk RUS"]
[Date "2010.09.24"]
[Round "4"]
[White "Jumabayev, Rinat"]
[Black "Arakhamia-Grant, Ketevan"]
[Result "1/2-1/2"]
[WhiteElo "2547"]
[BlackElo "2451"]
[PlyCount "286"]
[EventDate "2010.09.21"]
[WhiteTeam "KAZ"]
[BlackTeam "SCO"]

1. d4 Nf6 2. c4 g6 3. Nc3 Bg7 4. e4 d6 5. Nf3 O-O 6. Be2 e5 7. O-O Nc6 8. d5
Ne7 9. Ne1 Nd7 10. Nd3 f5 11. Bd2 Nf6 12. f3 b6 13. g4 h6 14. h4 Nh7 15. Kg2 c6
16. Nf2 Bb7 17. Qc1 f4 18. Rh1 Bf6 19. Qd1 Kg7 20. Be1 a6 21. Nd3 Rf7 22. Bf2
Nf8 23. a4 c5 24. a5 bxa5 25. Qa4 Nc8 26. Qxa5 Qxa5 27. Rxa5 Nb6 28. Nc1 Bc8
29. Nb3 Rb8 30. Ra3 Na8 31. Nd1 Bd8 32. Be1 Rfb7 33. Na5 Bxa5 34. Bxa5 Rb3 35.
Ra2 Kf7 36. Kf2 Ke7 37. Ke1 Nb6 38. Bc3 Bd7 39. Rxa6 Na4 40. Rh2 Nxc3 41. bxc3
Bc8 42. Ra5 Nd7 43. Bd3 R3b7 44. Rha2 Nb6 45. Kd2 Bd7 46. Kc1 Kf6 47. Ra6 Ke7
48. Nb2 Kd8 49. Bc2 Kc7 50. R6a3 Be8 51. Bd1 Bd7 52. Ra6 Be8 53. Bb3 Bd7 54.
Kc2 Be8 55. R2a3 Bd7 56. Nd3 Be8 57. R6a5 Bd7 58. Nc1 Be8 59. Kd3 Bd7 60. Ba2
Be8 61. Ra6 Bd7 62. Bb3 Be8 63. R6a5 Bd7 64. Bd1 Be8 65. Nb3 Bd7 66. Ra2 Be8
67. Na1 Nc8 68. Nc2 Rb1 69. Kd2 R8b2 70. Rxb2 Rxb2 71. Kc1 Rb3 72. Ra3 Rxa3 73.
Nxa3 Kb6 74. Kb2 Bd7 75. Nc2 Ka5 76. Ne1 Nb6 77. Be2 Nc8 78. Bd1 Nb6 79. Bb3
Nc8 80. Nd3 Nb6 81. Nf2 Nc8 82. Ka3 Be8 83. Bd1 Nb6 84. Be2 Bd7 85. Bf1 Be8 86.
Kb3 Ba4+ 87. Kb2 Bd7 88. Ka3 Be8 89. Nd1 Bd7 90. Nb2 Ka6 91. Kb3 Ka5 92. Be2
Be8 93. Bd3 Bd7 94. Bf1 Ka6 95. g5 hxg5 96. hxg5 Ka5 97. Ka3 Ka6 98. Ka2 Ka5
99. Nd3 Ka4 100. Nb2+ Ka5 101. Kb3 Ka6 102. Be2 Ka5 103. Bf1 Ka6 104. Nd3 Ba4+
105. Ka2 Bd7 106. Kb3 Ba4+ 107. Ka3 Bd7 108. Nb4+ Kb7 109. Nc2 Kc7 110. Ne1 Kb7
111. Kb3 Ka6 112. Kc2 Kb7 113. Nd3 Kc7 114. Nf2 Kd8 115. Kd3 Bc8 116. Kc2 Bd7
117. Kb3 Ba4+ 118. Ka2 Bd7 119. Nd3 Kc7 120. Nc1 Kb7 121. Kb2 Ka6 122. Nb3 Bc8
123. Kc1 Bd7 124. Bd3 Ba4 125. Nd4 exd4 126. cxd4 Nd7 127. e5 dxe5 128. dxc5
Nf8 129. Kd2 Kb7 130. Kc3 Be8 131. c6+ Kb6 132. Kb4 Bxc6 133. c5+ Kc7 134. dxc6
Ne6 135. Bxg6 Nxg5 136. Bh5 e4 137. fxe4 Nxe4 138. Be2 Nd2 139. Bb5 f3 140. Kc3
f2 141. Kxd2 f1=Q 142. Bxf1 Kxc6 143. Kc3 Kxc5 1/2-1/2

[Event "39th Olympiad Men"]
[Site "Khanty-Mansiysk RUS"]
[Date "2010.09.24"]
[Round "4"]
[White "Shaw, John"]
[Black "Kuderinov, Kirill"]
[Result "0-1"]
[WhiteElo "2446"]
[BlackElo "2481"]
[PlyCount "72"]
[EventDate "2010.09.21"]
[WhiteTeam "SCO"]
[BlackTeam "KAZ"]

1. e4 c5 2. b3 d6 3. Bb2 Nf6 4. Bb5+ Nbd7 5. d3 e6 6. c4 Be7 7. f4 O-O 8. Bxd7
Nxd7 9. Nf3 b5 10. O-O bxc4 11. bxc4 Rb8 12. Bc3 d5 13. Na3 Bb7 14. Qe2 d4 15.
Bd2 f6 16. Rab1 Bc6 17. Rxb8 Qxb8 18. Rb1 Qd8 19. Qe1 a6 20. Nc2 Qe8 21. Qe2
Qg6 22. Na1 f5 23. e5 h6 24. Nb3 Rb8 25. Qf2 Qe8 26. Qf1 Kh7 27. Kh1 Ba8 28.
Bc1 Qf7 29. Nbd2 Rg8 30. Qe2 g5 31. fxg5 hxg5 32. Nf1 g4 33. Ng1 f4 34. Nd2 f3
35. gxf3 gxf3 36. Ndxf3 Nxe5 0-1

[Event "39th Olympiad Men"]
[Site "Khanty-Mansiysk RUS"]
[Date "2010.09.25"]
[Round "5"]
[White "Koggala, W S V K."]
[Black "Arakhamia-Grant, Ketevan"]
[Result "0-1"]
[WhiteElo "2026"]
[BlackElo "2451"]
[PlyCount "78"]
[EventDate "2010.09.21"]
[WhiteTeam "SRI"]
[BlackTeam "SCO"]

1. d4 Nf6 2. Bf4 g6 3. e3 Bg7 4. Nf3 d6 5. h3 O-O 6. Be2 Nfd7 7. O-O e5 8. Bh2
Nc6 9. c4 e4 10. Nfd2 f5 11. b4 Kh8 12. b5 Ne7 13. Nc3 g5 14. a4 Ng6 15. a5 Nf6
16. Qb3 Re8 17. b6 f4 18. bxc7 Qxc7 19. Rfb1 Bh6 20. Nb5 Qd7 21. Qb4 Bf8 22.
Bf1 a6 23. Nc3 Qf5 24. Na4 g4 25. Nb6 Rb8 26. Nd5 Nxd5 27. hxg4 Qxg4 28. cxd5
f3 29. Qa4 Bd7 30. Qd1 Be7 31. Rb6 Nh4 32. Bg3 Rg8 33. gxf3 Nxf3+ 34. Nxf3 exf3
35. Rab1 Bh4 36. Qe1 Bxg3 37. fxg3 Qh4 38. e4 Rxg3+ 39. Kf2 Qh2+ 0-1

[Event "39th Olympiad Men"]
[Site "Khanty-Mansiysk RUS"]
[Date "2010.09.25"]
[Round "5"]
[White "Shaw, John"]
[Black "Weerawardane, R."]
[Result "1/2-1/2"]
[WhiteElo "2446"]
[BlackElo "2165"]
[PlyCount "144"]
[EventDate "2010.09.21"]
[WhiteTeam "SCO"]
[BlackTeam "SRI"]

1. e4 c5 2. Nc3 a6 3. f4 e6 4. Qe2 Nc6 5. Nf3 d6 6. g3 Nge7 7. Bg2 g6 8. O-O
Bg7 9. d3 O-O 10. Nd1 Nd4 11. Qf2 Bd7 12. Ne3 Bc6 13. Nh4 f5 14. c3 Nb5 15. a4
Nc7 16. Nc4 Ne8 17. exf5 exf5 18. a5 Bxg2 19. Kxg2 Qc7 20. Nf3 h6 21. Re1 Nc6
22. Bd2 Rd8 23. Re6 Nf6 24. h3 Rfe8 25. Rxe8+ Rxe8 26. Ra2 Nd5 27. Nh4 Re6 28.
Qf3 Qf7 29. Ra1 Nc7 30. Kf2 Bf6 31. Ng2 d5 32. Nb6 d4 33. c4 Bd8 34. Ne1 Re8
35. Nc2 Kh7 36. Re1 Rxe1 37. Bxe1 Qe6 38. Qe2 Kg7 39. b4 Be7 40. bxc5 Bxc5 41.
Qxe6 Nxe6 42. Nd5 Kf7 43. Kf3 Bd6 44. Bf2 Nxa5 45. Nxd4 Nxd4+ 46. Bxd4 Nb3 47.
Bb6 Ke6 48. Ke3 Kd7 49. d4 Kc6 50. Kd3 Nc1+ 51. Kd2 Na2 52. Ba5 b5 53. Ne3 Bb4+
54. Bxb4 Nxb4 55. Kc3 a5 56. g4 bxc4 57. gxf5 gxf5 58. Kxc4 h5 59. h4 Kd7 60.
Nxf5 Nc2 61. Ng3 Ne3+ 62. Kb5 Ng2 63. Nxh5 Nxh4 64. Kxa5 Ke6 65. Kb4 Kd5 66.
Kc3 Nf3 67. Nf6+ Ke6 68. Ng4 Kd5 69. Ne3+ Ke4 70. d5 Nd4 71. f5 Nxf5 72. Nxf5
Kxd5 1/2-1/2

[Event "39th Olympiad Men"]
[Site "Khanty-Mansiysk RUS"]
[Date "2010.09.25"]
[Round "5"]
[White "Anuruddha, G C."]
[Black "Burns-Mannion, Stephen R"]
[Result "1/2-1/2"]
[WhiteElo "2144"]
[BlackElo "2372"]
[PlyCount "81"]
[EventDate "2010.09.21"]
[WhiteTeam "SRI"]
[BlackTeam "SCO"]

1. Nf3 Nf6 2. g3 d5 3. Bg2 Bf5 4. O-O e6 5. b3 Be7 6. Bb2 O-O 7. Nh4 Be4 8. f3
Bg6 9. Nxg6 hxg6 10. e4 c5 11. d3 Nc6 12. Nd2 Rc8 13. f4 dxe4 14. dxe4 Qd7 15.
Nc4 Rfd8 16. Bxf6 gxf6 17. c3 b5 18. Qxd7 Rxd7 19. Na3 b4 20. cxb4 cxb4 21. Nc4
Rcd8 22. Bf3 Nd4 23. Kg2 Nb5 24. Rac1 Kg7 25. h4 Rd4 26. Rc2 Nc3 27. Re1 Rc8
28. e5 f5 29. Na5 Rcd8 30. Nc4 a5 31. Rec1 a4 32. Bc6 a3 33. Bf3 Bc5 34. Nxa3
Rd2+ 35. Kh3 R8d3 36. Rxd2 Rxd2 37. Nb1 Rd3 38. Kg2 Be3 39. Re1 Nxa2 40. Bd1
Bb6 41. Bc2 1/2-1/2

[Event "39th Olympiad Men"]
[Site "Khanty-Mansiysk RUS"]
[Date "2010.09.25"]
[Round "5"]
[White "Morrison, Graham"]
[Black "Peiris, T S S."]
[Result "1-0"]
[WhiteElo "2345"]
[BlackElo "2002"]
[PlyCount "89"]
[EventDate "2010.09.21"]
[WhiteTeam "SCO"]
[BlackTeam "SRI"]

1. Nf3 Nf6 2. c4 e6 3. g3 d5 4. d4 c6 5. Bg2 Bd6 6. Qc2 Ne4 7. O-O O-O 8. b3 f5
9. Ba3 Nd7 10. Bxd6 Nxd6 11. Nbd2 Qf6 12. e3 Ne4 13. Rac1 g5 14. Ne1 Qg7 15.
Nd3 Nxd2 16. Qxd2 Rf6 17. c5 Nf8 18. f4 g4 19. Qa5 Ng6 20. b4 Bd7 21. a4 Be8
22. b5 Rf7 23. Rf2 Qf6 24. Bf1 Qd8 25. Qxd8 Rxd8 26. Nb4 Rc7 27. Rb2 Kf8 28.
bxc6 Bxc6 29. Nxc6 bxc6 30. Rcb1 Rdd7 31. Rb8+ Kg7 32. Ba6 Kf6 33. Ra8 Rf7 34.
Rbb8 h5 35. Rc8 h4 36. Kg2 hxg3 37. hxg3 Rh7 38. Rab8 Rhd7 39. a5 Rh7 40. Rxc7
Rxc7 41. Bb7 Ne7 42. a6 Rd7 43. Ra8 Kf7 44. Rxa7 Rd8 45. Bxc6 1-0

[Event "39th Olympiad Men"]
[Site "Khanty-Mansiysk RUS"]
[Date "2010.09.27"]
[Round "6"]
[White "McNab, Colin A"]
[Black "Smith, Robert W"]
[Result "1-0"]
[WhiteElo "2445"]
[BlackElo "2282"]
[PlyCount "129"]
[EventDate "2010.09.21"]
[WhiteTeam "SCO"]
[BlackTeam "NZL"]

1. c4 e6 2. Nf3 d5 3. g3 Be7 4. Bg2 Nf6 5. O-O c5 6. b3 Nc6 7. e3 dxc4 8. bxc4
O-O 9. Bb2 Qc7 10. Nc3 Rd8 11. Qe2 e5 12. d3 h6 13. h3 a6 14. Rac1 Be6 15. e4
Nd7 16. Nd5 Qd6 17. Nd2 b5 18. f4 f6 19. Rf2 Rab8 20. Qf1 Bf8 21. h4 Rdc8 22.
Bh3 Nd4 23. Bxe6+ Qxe6 24. f5 Qd6 25. g4 Be7 26. Qd1 Bd8 27. Nf1 bxc4 28. dxc4
Rb7 29. Bc3 Rcb8 30. Nfe3 Nc6 31. g5 hxg5 32. hxg5 fxg5 33. f6 Qe6 34. fxg7 Nf6
35. Nf5 Nd4 36. Bxd4 exd4 37. Rh2 Rxg7 38. Nxg7 Kxg7 39. Nxf6 Bxf6 40. Qf3 Rf8
41. Rf1 d3 42. e5 Qxe5 43. Qxd3 Qd4+ 44. Qxd4 Bxd4+ 45. Kg2 Re8 46. Rb1 Kg6 47.
Kf1 Re3 48. Rb3 Re6 49. Re2 Rf6+ 50. Kg2 g4 51. a4 a5 52. Rb5 Rf3 53. Re4 Rc3
54. Rxg4+ Kf6 55. Rxa5 Rxc4 56. Kf3 Kf5 57. Rh4 Rc3+ 58. Ke2 Ke5 59. Ra8 Kd5
60. a5 Ra3 61. a6 Kc4 62. a7 Ra2+ 63. Kf3 Rf2+ 64. Kg3 Rf7 65. Rxd4+ 1-0

[Event "39th Olympiad Men"]
[Site "Khanty-Mansiysk RUS"]
[Date "2010.09.27"]
[Round "6"]
[White "Steadman, Michael"]
[Black "Shaw, John"]
[Result "1/2-1/2"]
[WhiteElo "2309"]
[BlackElo "2446"]
[PlyCount "118"]
[EventDate "2010.09.21"]
[WhiteTeam "NZL"]
[BlackTeam "SCO"]

1. d4 d5 2. c4 c6 3. Nf3 Nf6 4. e3 Bf5 5. Nc3 e6 6. Nh4 Be4 7. f3 Bg6 8. Qb3
Qc7 9. Bd2 Be7 10. Nxg6 hxg6 11. Be2 dxc4 12. Bxc4 b5 13. Bf1 Rxh2 14. Rxh2
Qg3+ 15. Kd1 Qxh2 16. e4 Qg1 17. Kc2 Qxd4 18. Rd1 Nbd7 19. Kb1 Qb6 20. g4 Rd8
21. Qc2 Qf2 22. Be2 b4 23. Be1 Qc5 24. Na4 Qxc2+ 25. Kxc2 Nc5 26. Rxd8+ Kxd8
27. Nxc5 Bxc5 28. Kb3 Kc7 29. Bxb4 Bxb4 30. Kxb4 Kb6 31. Kc4 e5 32. b4 Ne8 33.
a4 Nd6+ 34. Kc3 a5 35. Bd3 f6 36. Kb3 Nb7 37. Kc4 axb4 38. Kxb4 Na5 39. Bc4 c5+
40. Kc3 Nc6 41. Be2 Na5 42. Bc4 Nb7 43. Bf7 g5 44. Bb3 Nd6 45. Bd5 Ka5 46. Kb3
g6 47. Be6 Kb6 48. Kc3 Ka6 49. Kb3 Ka5 50. Bd7 Kb6 51. Be6 Nb7 52. Bd5 Na5+ 53.
Kc3 Kc7 54. Ba8 Kd6 55. Bd5 f5 56. Bf7 f4 57. Bd5 Kc7 58. Kd3 Kb6 59. Kc3 Kc7
1/2-1/2

[Event "39th Olympiad Men"]
[Site "Khanty-Mansiysk RUS"]
[Date "2010.09.27"]
[Round "6"]
[White "Burns-Mannion, Stephen R"]
[Black "Croad, Nicolas"]
[Result "0-1"]
[WhiteElo "2372"]
[BlackElo "2297"]
[PlyCount "106"]
[EventDate "2010.09.21"]
[WhiteTeam "SCO"]
[BlackTeam "NZL"]

1. e4 c5 2. Nf3 Nc6 3. Bb5 g6 4. Bxc6 dxc6 5. d3 Bg7 6. h3 e5 7. Nc3 Qd6 8. a4
b6 9. Qe2 f6 10. O-O Nh6 11. Nd2 Nf7 12. Nc4 Qe7 13. f4 O-O 14. fxe5 Nxe5 15.
Nxe5 Qxe5 16. Bf4 Qe7 17. Rae1 Be6 18. Qf3 Qd7 19. Qg3 Rfe8 20. Kh1 f5 21. h4
c4 22. h5 Qf7 23. h6 Bf6 24. e5 Be7 25. d4 Kh8 26. Bg5 Bxg5 27. Qxg5 Qe7 28.
Qg3 Rad8 29. Rd1 Rg8 30. Kg1 g5 31. Qf3 Rg6 32. Qxc6 g4 33. g3 Qg5 34. Rf4 Bd5
35. Qc7 Bf3 36. Rd2 Rxh6 37. e6 Rxe6 38. d5 Re1+ 39. Kf2 Rde8 40. Qd6 Qh5 41.
Qf6+ Kg8 42. Qh4 Rh1 43. Qxh5 Rxh5 44. Rfd4 Rh2+ 45. Kf1 Rh1+ 46. Kf2 Ree1 47.
Ne2 Rxe2+ 48. Rxe2 Rh2+ 49. Kf1 Rxe2 50. Rxc4 Rd2 51. Rc8+ Kf7 52. c4 f4 53.
Rc7+ Ke8 0-1

[Event "39th Olympiad Men"]
[Site "Khanty-Mansiysk RUS"]
[Date "2010.09.27"]
[Round "6"]
[White "Han, Daniel"]
[Black "Morrison, Graham"]
[Result "0-1"]
[WhiteElo "2200"]
[BlackElo "2345"]
[PlyCount "90"]
[EventDate "2010.09.21"]
[WhiteTeam "NZL"]
[BlackTeam "SCO"]

1. d4 Nf6 2. c4 e6 3. Nf3 b6 4. Nc3 Bb4 5. Qb3 c5 6. a3 Ba5 7. Bg5 Nc6 8. e3 h6
9. Bh4 g5 10. Bg3 g4 11. Ne5 cxd4 12. Nxc6 dxc6 13. O-O-O Bxc3 14. bxc3 d3 15.
Bxd3 Qe7 16. Bh4 e5 17. Be4 Bd7 18. c5 Be6 19. Bxc6+ Kf8 20. Qb4 bxc5 21. Bxf6
Qxf6 22. Qxc5+ Kg7 23. Bxa8 Rxa8 24. Rd2 a5 25. Rf1 a4 26. Rd6 Qf5 27. f4 Rc8
28. Qa5 Qe4 29. Qxe5+ Qxe5 30. fxe5 Rxc3+ 31. Kd2 Rxa3 32. Rc1 Rb3 33. Ra6 a3
34. Rc3 Rb2+ 35. Rc2 Bf5 36. Rac6 Bxc2 37. Rxc2 a2 38. Rxb2 a1=Q 39. Rc2 Qxe5
40. g3 Qe4 41. Rb2 h5 42. Rc2 Kg6 43. Rb2 h4 44. Rb6+ Kg7 45. Rd6 Qb4+ 0-1

[Event "39th Olympiad Men"]
[Site "Khanty-Mansiysk RUS"]
[Date "2010.09.28"]
[Round "7"]
[White "Drasko, Milan"]
[Black "Arakhamia-Grant, Ketevan"]
[Result "1/2-1/2"]
[WhiteElo "2486"]
[BlackElo "2451"]
[PlyCount "79"]
[EventDate "2010.09.21"]
[WhiteTeam "MNE"]
[BlackTeam "SCO"]

1. Nf3 Nf6 2. g3 g6 3. Bg2 d5 4. d4 Bg7 5. c4 c6 6. b3 O-O 7. O-O Ne4 8. Bb2
Bf5 9. e3 Nd7 10. Qe2 a6 11. Rc1 b5 12. cxd5 cxd5 13. Nc3 Nxc3 14. Bxc3 Qb6 15.
a4 b4 16. a5 Qd6 17. Bd2 Rfb8 18. Ra4 Rb5 19. Nh4 Be6 20. Bf1 Rab8 21. Ng2 h5
22. Nf4 Bf5 23. Qe1 e5 24. Ne2 e4 25. Rc2 Nf6 26. Rc5 Rxc5 27. dxc5 Qxc5 28.
Rxb4 Rxb4 29. Bxb4 Qc7 30. Nd4 Bc8 31. Qc3 Ne8 32. Qc6 Qxc6 33. Nxc6 Bf8 34.
Ne7+ Bxe7 35. Bxe7 f5 36. b4 Kf7 37. Bd8 Nd6 38. Kg2 Nc4 39. Be2 Bd7 40. Bc7
1/2-1/2

[Event "39th Olympiad Men"]
[Site "Khanty-Mansiysk RUS"]
[Date "2010.09.28"]
[Round "7"]
[White "Shaw, John"]
[Black "Blagojevic, Dragisa"]
[Result "0-1"]
[WhiteElo "2446"]
[BlackElo "2481"]
[PlyCount "108"]
[EventDate "2010.09.21"]
[WhiteTeam "SCO"]
[BlackTeam "MNE"]

1. e4 e5 2. Nf3 Nc6 3. Bb5 a6 4. Bxc6 dxc6 5. O-O Qf6 6. d4 exd4 7. Bg5 Qd6 8.
Nxd4 Bd7 9. Nc3 Ne7 10. Qd2 c5 11. Nb3 Qxd2 12. Bxd2 b6 13. Bf4 O-O-O 14. Rfd1
f6 15. a4 a5 16. Nb5 Bxb5 17. axb5 Rxd1+ 18. Rxd1 Ng6 19. Bg3 Be7 20. Kf1 h5
21. h3 Nf8 22. Nd2 Ne6 23. Nc4 Nd4 24. Na3 Ne6 25. c3 Rd8 26. Rxd8+ Bxd8 27.
Nc4 Kd7 28. f4 c6 29. f5 Ng5 30. e5 cxb5 31. e6+ Nxe6 32. fxe6+ Kxe6 33. Ne3 b4
34. c4 a4 35. Ke2 f5 36. Kd3 g5 37. Nd5 b5 38. Bf2 Kd6 39. Be3 a3 40. bxa3 bxa3
41. Bc1 bxc4+ 42. Kxc4 a2 43. Bb2 f4 44. Ba1 Ke6 45. Kxc5 Kf5 46. Kd4 g4 47.
hxg4+ Kxg4 48. Ke4 Bg5 49. Bb2 h4 50. Be5 Bh6 51. Nb4 Kg3 52. Nxa2 Kxg2 53. Nc3
h3 54. Ne2 h2 0-1

[Event "39th Olympiad Men"]
[Site "Khanty-Mansiysk RUS"]
[Date "2010.09.29"]
[Round "8"]
[White "Bologan, Viktor"]
[Black "McNab, Colin A"]
[Result "1-0"]
[WhiteElo "2690"]
[BlackElo "2445"]
[PlyCount "78"]
[EventDate "2010.09.21"]
[WhiteTeam "MDA"]
[BlackTeam "SCO"]

1. e4 g6 2. d4 d6 3. Nf3 Bg7 4. c3 Nf6 5. Bd3 O-O 6. O-O Nc6 7. h3 e5 8. Re1
Re8 9. d5 Ne7 10. c4 Nd7 11. Nc3 h6 12. b4 f5 13. Ba3 Nf6 14. Rc1 Kh8 15. Nd2
Rf8 16. c5 f4 17. Be2 Neg8 18. Nb5 Ne8 19. Bg4 Bxg4 20. Qxg4 Kh7 21. h4 Ngf6
22. Qh3 f3 23. Nxf3 Nh5 24. Re3 Nf4 25. Qh1 dxc5 26. g3 c6 27. gxf4 exf4 28.
Re2 cxb5 29. bxc5 Qa5 30. Qh3 b4 31. Bb2 Bxb2 32. Rxb2 Ng7 33. Rc4 b3 34. Rxb3
Qxa2 35. Rcb4 Rac8 36. Rxb7 Rxc5 37. Rxg7+ Kxg7 38. Rb7+ Kh8 39. Qd7 Qxd5 1-0

[Event "39th Olympiad Men"]
[Site "Khanty-Mansiysk RUS"]
[Date "2010.09.29"]
[Round "8"]
[White "Arakhamia-Grant, Ketevan"]
[Black "Iordachescu, Viorel"]
[Result "1/2-1/2"]
[WhiteElo "2451"]
[BlackElo "2632"]
[PlyCount "44"]
[EventDate "2010.09.21"]
[WhiteTeam "SCO"]
[BlackTeam "MDA"]

1. e4 c6 2. d4 d5 3. e5 Bf5 4. Nd2 e6 5. Nb3 Ne7 6. Nf3 Nc8 7. Be2 Nb6 8. O-O
Be7 9. Nfd2 Bg6 10. f4 h5 11. Nf3 Bf5 12. Ng5 g6 13. Nd2 c5 14. Ndf3 Nc6 15. c3
cxd4 16. cxd4 Rc8 17. a3 Na5 18. Bd3 Qc7 19. Bxf5 gxf5 20. Bd2 Nbc4 21. Rc1 Nc6
22. Rc2 a5 1/2-1/2

[Event "39th Olympiad Men"]
[Site "Khanty-Mansiysk RUS"]
[Date "2010.09.29"]
[Round "8"]
[White "Hamitevici, Vladimir"]
[Black "Burns-Mannion, Stephen R"]
[Result "1-0"]
[WhiteElo "2415"]
[BlackElo "2372"]
[PlyCount "47"]
[EventDate "2010.09.21"]
[WhiteTeam "MDA"]
[BlackTeam "SCO"]

1. d4 d5 2. c4 dxc4 3. Nf3 Nf6 4. e3 e6 5. Bxc4 c5 6. O-O a6 7. Bb3 b5 8. a4 b4
9. e4 cxd4 10. Nbd2 Be7 11. e5 Nd5 12. Nxd4 O-O 13. Qg4 Kh8 14. Ne4 Qc7 15. Nf3
Nd7 16. Qh5 g6 17. Qh6 Rg8 18. Bxd5 exd5 19. Neg5 Rg7 20. e6 Bxg5 21. Nxg5 Ne5
22. Bf4 Bxe6 23. Rfe1 Ng4 24. Qxg7+ 1-0

[Event "39th Olympiad Men"]
[Site "Khanty-Mansiysk RUS"]
[Date "2010.09.30"]
[Round "9"]
[White "Arias Santana, Mauricio"]
[Black "McNab, Colin A"]
[Result "0-1"]
[WhiteElo "2345"]
[BlackElo "2445"]
[PlyCount "128"]
[EventDate "2010.09.21"]
[WhiteTeam "CRC"]
[BlackTeam "SCO"]

1. d4 d6 2. c4 e5 3. Nf3 Nd7 4. Nc3 g6 5. e4 Bg7 6. Be2 Ngf6 7. O-O O-O 8. Be3
Qe7 9. Qc2 c6 10. Rfe1 Ng4 11. Bg5 Bf6 12. Bxf6 Ngxf6 13. Rad1 Kg7 14. Bf1 Re8
15. Qd2 h6 16. d5 c5 17. g3 Rf8 18. Nh4 Nh7 19. Kh1 Ndf6 20. Bg2 Nh5 21. a3 Bd7
22. Bf3 N5f6 23. Bg2 Rae8 24. b4 b6 25. Ra1 Nh5 26. b5 Qg5 27. Nf3 Qd8 28. Qe2
Qc8 29. Ng1 Ng5 30. a4 f5 31. exf5 Bxf5 32. a5 Re7 33. axb6 axb6 34. Ra6 Rb7
35. Rea1 Qc7 36. Nf3 Nxf3 37. Bxf3 Nf6 38. g4 Bd7 39. h3 Nh7 40. Ne4 Rf4 41.
Ra8 Nf6 42. Nxf6 Rxf6 43. Be4 Bc8 44. f3 Rf8 45. Kg2 Qe7 46. Qd3 Qg5 47. R1a7
Rxa7 48. Rxa7+ Rf7 49. Ra8 Bf5 50. Qe2 Bxe4 51. Qxe4 Rf4 52. Ra7+ Kf6 53. Qe2
Rd4 54. Ra2 Qf4 55. Rc2 e4 56. fxe4 Ke5 57. Qe1 Qxe4+ 58. Qxe4+ Kxe4 59. Re2+
Kd3 60. Re6 Kxc4 61. Rxd6 Kxb5 62. Kf2 c4 63. Rxg6 Rxd5 64. Rg8 c3 0-1

[Event "39th Olympiad Men"]
[Site "Khanty-Mansiysk RUS"]
[Date "2010.09.30"]
[Round "9"]
[White "Arakhamia-Grant, Ketevan"]
[Black "Valdes, Leonardo"]
[Result "1/2-1/2"]
[WhiteElo "2451"]
[BlackElo "2429"]
[PlyCount "129"]
[EventDate "2010.09.21"]
[WhiteTeam "SCO"]
[BlackTeam "CRC"]

1. e4 d6 2. d4 Nf6 3. Nc3 g6 4. Be3 Bg7 5. Qd2 c6 6. h3 Qa5 7. Nf3 O-O 8. Bd3
Nbd7 9. O-O Qc7 10. a4 b6 11. Rfe1 e5 12. Rad1 Bb7 13. dxe5 dxe5 14. Bc4 a6 15.
Qd6 Rac8 16. Nh2 b5 17. Ba2 Qxd6 18. Rxd6 Rc7 19. Red1 Bc8 20. f3 Re8 21. Ng4
Nxg4 22. hxg4 Bf8 23. R6d3 Bc5 24. Kf2 Kg7 25. R1d2 Re7 26. Nd1 Bxe3+ 27. Rxe3
bxa4 28. Rc3 Nb6 29. Ne3 Be6 30. Bxe6 Rxe6 31. Rc5 Rb7 32. Ra5 Ra7 33. Rd8 h6
34. Ke2 Ree7 35. Rb8 Reb7 36. Rxb7 Rxb7 37. Rxa6 Nd7 38. Nc4 Nc5 39. Rxc6 Ne6
40. Kd2 Nf4 41. g3 Ne6 42. Ra6 Nd4 43. f4 exf4 44. gxf4 Ne6 45. Ke3 Rb4 46. Rc6
h5 47. gxh5 gxh5 48. f5 Ng5 49. Kf4 h4 50. Kxg5 h3 51. Rh6 Rxc4 52. f6+ Kg8 53.
Rxh3 Rxc2 54. Ra3 Rg2+ 55. Kf5 Rf2+ 56. Ke5 Rxb2 57. Rxa4 Kh7 58. Ra1 Rb5+ 59.
Kd4 Kg6 60. Rf1 Rb4+ 61. Kd5 Rb5+ 62. Kc4 Ra5 63. Kd4 Ra4+ 64. Kd5 Ra5+ 65. Kd4
1/2-1/2

[Event "39th Olympiad Men"]
[Site "Khanty-Mansiysk RUS"]
[Date "2010.09.30"]
[Round "9"]
[White "Burns-Mannion, Stephen R"]
[Black "Ruiz Blais, Sebastian"]
[Result "1-0"]
[WhiteElo "2372"]
[BlackElo "2172"]
[PlyCount "57"]
[EventDate "2010.09.21"]
[WhiteTeam "SCO"]
[BlackTeam "CRC"]

1. e4 c5 2. Nf3 Nc6 3. d4 cxd4 4. Nxd4 Nf6 5. Nc3 e5 6. Ndb5 d6 7. Bg5 a6 8.
Na3 b5 9. Bxf6 gxf6 10. Nd5 f5 11. Bd3 Be6 12. O-O Bxd5 13. exd5 Ne7 14. Re1
Bg7 15. c3 O-O 16. Qh5 e4 17. Bf1 Qc8 18. Rad1 Re8 19. Nc2 Ng6 20. Nd4 Bxd4 21.
Rxd4 Re5 22. Qh6 Qc5 23. h4 Rxd5 24. h5 Ne7 25. Re3 f4 26. Qxf4 Nf5 27. Rxd5
Qxd5 28. Rxe4 h6 29. Qf3 1-0